000 00200nam a22000857a 4500
008 170125b xxu||||| |||| 00| 0 eng d
100 _92574
_aChawla.A
245 _aDiscoeries
260 _aNew Delhi
_bDP
_c2010
999 _c5700
_d5700